00529cam a2200193ua 45000010005000000080039000050200018000440400009000620820011000711000031000822450075001132500012001882600033002003000010002336530014002436530021002577000027002787000030003056947140723n ii |||gr||||Z||||||asm a9789382750116 cMAIN a370.54 aChangmai, Jogesh,eAuthor.12aSomosamoyik bharatiya shikshar bicharjya dikhsomuhcby Jogesh Changmai a1st ed. aDibrugarh:bBanalata,c2013. a228p. aEducation aIndian education aGogoi, Paban,eAuthor. aRajkhowa, Porag,eAuthor.